000 00218nam a22000977a 4500
999 _c261615
_d261614
100 _aDonald J. Sobol
245 _aEncyclopedia Brown
260 _aCamdem
_bThomas Nelson & Sons
_c1966
300 _a96 pgs
942 _cBK